000 01691pam a22004214a 4500
001 6763230
003 ARRUPE
005 20131011121743.0
008 071026s2008 dcub b 001 0 eng
010 _a 2007044241
020 _a9781601270290 (pbk. : alk. paper)
020 _a1601270291 (pbk. : alk. paper)
024 _a40015511356
035 _a(OCoLC)ocn182056596
035 _a(NNC)6763230
035 _a(OCoLC)182056596
040 _aDLC
_cDLC
_dYDX
_dBAKER
_dYDXCP
043 _af-nr---
050 0 0 _aDT515.59
_b.P35 2008
100 1 _aPaden, John N.
_92454
245 1 0 _aFaith and politics in Nigeria :
_bNigeria as a pivotal state in the Muslim world /
_cJohn N. Paden.
260 _aWashington, D.C. :
_bUnited States Institute Of Peace Press,
_c2008.
300 _axii, 140 p. :
_bmaps ;
_c23 cm.
504 _aIncludes bibliographical references and index.
505 0 _aIntroduction: Nigeria in global perspective -- Sources of Nigerian influence and significance -- Challenges of nation building -- Pathways of change -- U.S. relations with Nigeria -- Conclusions.
650 0 _aReligion and politics
_zNigeria.
_92455
650 0 _aPolitical culture
_zNigeria
_xReligious aspects.
_92456
650 0 _aIslam and state
_zNigeria.
_92457
650 0 _aIslam
_xRelations
_xChristianity
_zNigeria.
_92458
651 0 _aNigeria
_xPolitics and government.
_92459
651 0 _aNigeria
_xForeign relations.
_92460
651 0 _aIslamic countries
_xRelations
_zNigeria.
_92461
651 0 _aNigeria
_xRelations
_zIslamic countries.
_92462
651 0 _aNigeria
_xEthnic relations.
_92463
942 _2lcc
_cMONOGRAPH
948 1 _a20080724
_bc
_csl13
_dMPS
999 _c118329
_d118329